T20I Cricket Captains of Bangladesh - Statistics

General Stats
  • This quiz has been taken 28 times
  • The average score is 6 of 11
Answer Stats
No.of Matches Captained Captains % Correct
39 Shakib al Hasan
95%
1 Litton Das
90%
28 Mashrafe Mortaza
86%
23 Mushfiqur Rahim
81%
21 Najmul Hossain Shanto
71%
43 Mahmudullah
57%
5 Nurul Hasan
48%
11 Mohammad Ashraful
43%
3 Saif Hassan
33%
1 Mosaddek Hossain
24%
1 Shahriar Nafees
14%
No matching quizzes found
Score Distribution
Percent of People with Each Score
Percentile by Number Answered
Your Score History
You have not taken this quiz